A phenomenological inquiry into movement awareness illustrated through Zeami's theory of Noh /

Bibliographic Details
Main Author: Yamaguchi, Junko
Format: Thesis Microform Book
Language:English
Published: [Place of publication not identified] : [publisher not identified] ; 1983.
Subjects:

MARC

Tag First Indicator Second Indicator Subfields
LEADER 00000cam a2200000 a 4500
001 in00000027769
005 20151007054618.0
007 he bmb|||||||
008 850627r19851983orua bb 00010 eng d
035 |a (OCoLC)12207997 
035 |9 AAB5708AM 
040 |a ORU  |c IWU  |d IWU  |d HPE  |d m/c  |d TXA  |d UtOrBLW 
049 |a TXAI 
099 |a fiche  |a C  |a 8456 
100 1 |a Yamaguchi, Junko. 
245 1 2 |a A phenomenological inquiry into movement awareness illustrated through Zeami's theory of Noh /  |c by Junko Yamaguchi. 
264 1 |a [Place of publication not identified] :  |b [publisher not identified] ;  |c 1983. 
300 |a vi, 110 leaves :  |b illustrations 
336 |a text  |b txt  |2 rdacontent 
337 |a microform  |b h  |2 rdamedia 
338 |a microfiche  |b he  |2 rdacarrier 
502 |b Ed. D.  |c University of North Carolina at Greensboro  |d 1983. 
504 |a Bibliography: leaves 101-107. 
533 |a Microfiche.  |b Eugene :  |c Microform Publications, College of Human Development and Performance, University of Oregon.  |d 1985.  |e 2 microfiches : negative ; 11 x 15 cm. 
500 |a Microform. 
650 0 |a Movement, Psychology of. 
650 0 |a Nō  |x Philosophy. 
650 0 |a Phenomenological psychology. 
999 |a MARS 
999 f f |s 62e09f6a-aeaf-337b-87da-b1f4720b296e  |i 759c0ec6-e8eb-3d54-b8c7-fd4b2bfaeb08  |t 0 
952 f f |p normal  |a Texas A&M University  |b College Station  |c Sterling C. Evans Library  |d Evans: Microforms (3rd floor)  |t 0  |e fiche C 8456  |h Other scheme  |i microform -- microfiche  |m A14822817616 
998 f f |a fiche C 8456  |t 0  |l Evans: Microforms (3rd floor)